000 00240nam a2200109Ia 4500
005 20251222142030.0
008 251222s9999||||xx |||||||||||||| ||spa||
082 _a340/C77
100 _aCocq, Andrés de
245 0 _aEl jurado
942 _cLIB
999 _c10948
_d10948